000 00360nam a2200133Ia 4500
008 150202s9999 xx 000 0 und d
020 _a446618151
050 _aFIC
_bFIC
100 _aSparks, Nicholas.
245 _aTrue believer /
_cNicholas Sparks.
260 _aNew York :
_bHachette Books,
_c2005.
300 _a465 pages :
_c17 cm.
650 _aFiction.
999 _c282496
_d282496